Holiday Quiz

Random Holiday or Flags Quiz

Paint by Lyrics: The Star-Spangled Banner Quiz Stats

Quiz Updated Nov 27, 2017

Challenge
Share
Tweet
Score 0/81 Timer 06:00
2 Plays Today
% Correct
O!
98.6%
O!
98.6%
the
97%
the
97%
the
97%
the
97%
the
97%
the
97%
the
97%
the
97%
the
97%
the
97%
the
97%
you
95.9%
can
95.4%
see
95.2%
Say
94.8%
Say
94.8%
by
92.6%
light
91.8%
early
90.3%
dawn's
90.2%
star-
89.5%
and
89.3%
And
89.3%
and
89.3%
we
88.3%
% Correct
we
88.3%
of
86.8%
of
86.8%
so
86.7%
so
86.7%
banner
85.9%
spangled
85.6%
brave?
85.2%
free
85.1%
land
85.1%
home
84.8%
proudly
84.1%
what
84%
in
83%
that
82.7%
that
82.7%
gleaming?
80.9%
flag
80.8%
last
80.1%
red
80.1%
still
79.8%
was
79.7%
air
79.5%
rockets'
79.4%
there.
79.4%
through
79.4%
bombs
79.3%
% Correct
through
79.4%
twilight's
79.3%
night
79.2%
bursting
79%
our
79%
wave
78.4%
glare,
78.4%
does
78.1%
yet
77.2%
at
76.2%
bright
75.8%
stripes
75.7%
gave
75.2%
o'er
74.9%
o'er
74.9%
stars
74.6%
proof
74.2%
hailed
73.5%
ramparts
72.7%
Whose
71.3%
broad
70.7%
streaming?
70.4%
watched
69.8%
fight,
69.1%
were
69%
perilous
68.9%
gallantly
68.5%

You're not logged in!

Compare scores with friends on all Sporcle quizzes.
Join for Free
OR
Log In

You Might Also Like...

Show Comments

Extras

Top Quizzes Today


Score Distribution

Your Account Isn't Verified!

In order to create a playlist on Sporcle, you need to verify the email address you used during registration. Go to your Sporcle Settings to finish the process.

Report this User

Report this user for behavior that violates our Community Guidelines.

Details: